Measures for energy conservation in TSR factories (Record no. 62683)

MARC details
000 -LEADER
fixed length control field 00503nam a2200133Ia 4500
100 ## - MAIN ENTRY--AUTHOR NAME
Personal name Mohanachandran Nair S
245 #0 - TITLE STATEMENT
Title Measures for energy conservation in TSR factories
260 ## - PUBLICATION, DISTRIBUTION, ETC. (IMPRINT)
Name of publisher In Seminar on technically specified rubber. Organised by the Department of Processing and Product Development, Rubber Board, Kottayam, January 4, 1994
650 ## - SUBJECT ADDED ENTRY--TOPICAL TERM
Topical Term Energy conservation
650 ## - SUBJECT ADDED ENTRY--TOPICAL TERM
Topical Term TSR factories
700 ## - ADDED ENTRY--PERSONAL NAME
Personal name Unnikrishna Panicker N
942 ## - ADDED ENTRY ELEMENTS (KOHA)
Koha item type Journals
Holdings
Withdrawn status Lost status Damaged status Not for loan Home library Current library Shelving location Date acquired Koha item type
      Journals RRII Library RRII Library Rubber chemistry 17/12/2021 Journals